| 000 | 00412nam a22001337a 4500 | ||
|---|---|---|---|
| 082 |
_a621.942 _bCEN _cL-24, P-7 |
||
| 100 |
_aThe Machinery Publishing Co, Ltd _942051 |
||
| 245 |
_aCentre lathe practice _cThe Machinery Publishing Co, Ltd |
||
| 260 |
_aLondon _bThe Machinery Publishing Co, Ltd |
||
| 300 |
_a58.p: _bPart - 2 |
||
| 526 |
_a0 _b0 _c0 _d621_942000000000000_CEN |
||
| 650 |
_aMCE _9379 |
||
| 942 |
_2ddc _cBK |
||
| 999 |
_c546046 _d546046 |
||